Top 20 Most Played PC Games - Statistics

General Stats
  • This quiz has been taken 78 times
  • The average score is 4 of 20
Answer Stats
Answer Rank % Correct
Minecraft 2
78%
Fortnite 4
67%
Roblox 3
47%
Valorant 8
40%
League of legends 5
31%
Counter strike 2 1
28%
Overwatch 13
22%
PUBG 11
19%
Dota 2 6
17%
Marvel rivals 18
9%
Hollow knight 15
7%
Sims 4 7
5%
Skate 12
3%
Helldivers 2 10
2%
Rainbow six siege x 20
2%
Battlefield 2042 14
0%
GTA five 16
0%
No man's sky 19
0%
Path of exile 2 17
0%
PEAK 9
0%
No matching quizzes found
Score Distribution
Percent of People with Each Score
Percentile by Number Answered
Your Score History
You have not taken this quiz